000 00461nam a2200181Ia 4500
001 2854
005 20260306144838.0
008 260306t1977||||xx |||||||||||||| ||spa||
041 _aESP
082 _a230.2092
_bC27
100 _aCapánaga, Victorino
_eAUT
245 0 _aPensamientos de San Agustín:
_bel hombre, Dios y el Dios-hombre
260 _c1977
300 _a271 páginas :
_c17 cm.
650 _aGEN
654 _aCHU
942 _cLIB
_dJUS
_fJUS
_2ddc
_n
999 _c2854
_d2854